| 000 | 01201cam a22003013a 4500 | ||
|---|---|---|---|
| 001 | 15118 | ||
| 003 | PGUSA | ||
| 005 | 20140828083326.0 | ||
| 008 | 050221s2005||||xxu|||||s|||||000 | eng d | ||
| 040 |
_aPGUSA _beng |
||
| 042 | _adc | ||
| 050 | 4 | _aE300 | |
| 100 | 1 |
_aLane, Lunsford, _d1803- |
|
| 245 | 1 | 4 |
_aThe Narrative of Lunsford Lane, Formerly of Raleigh, N.C. : _bEmbracing an account of his early life, the redemption by purchase of himself and family from slavery, and his banishment from the place of his birth for the crime of wearing a colored skin _h[electronic resource] / _cLunsford Lane |
| 260 |
_bProject Gutenberg, _c2005 |
||
| 506 | _aPublic domain in the USA. | ||
| 516 | _aElectronic text | ||
| 653 | _aSlavery -- North Carolina -- History -- 19th century | ||
| 653 | _aSlaves -- North Carolina -- Biography | ||
| 653 | _aAfrican Americans -- North Carolina -- Biography | ||
| 653 | _aRaleigh (N.C.) -- History -- 19th century | ||
| 653 | _aSlaves' writings, American | ||
| 653 | _aLane, Lunsford, b. 1803 | ||
| 653 | _aFreedmen -- United States -- Biography | ||
| 830 | 0 |
_aProject Gutenberg _v15118 |
|
| 856 | 4 | 0 | _uhttp://www.gutenberg.org/ebooks/15118 |
| 942 | _cEB | ||
| 999 |
_c244373 _d244373 |
||